书目信息 |
| 题名: |
世海观奇
|
|
| 作者: | 理征 著 | |
| 分册: | ||
| 出版信息: | 北京 国际文化出版公司 2001 |
|
| 页数: | 218页 | |
| 开本: | 20cm | |
| 丛书名: | 作家视线丛书 | |
| 单 册: | ||
| 中图分类: | B821 , F245 | |
| 科图分类: | ||
| 主题词: | 作家视线 , 劳动经济 | |
| 电子资源: | ||
| ISBN: | ||
| 000 | 00593nam0 2200229 450 | |
| 001 | 2459366960 | |
| 005 | 20240612163000.88 | |
| 010 | @dCNY15.00@z7-80105-447-6 | |
| 100 | @a20070709d2001 km y0chiy0120 ea | |
| 101 | 0 | @achi |
| 200 | 1 | @a世海观奇@Ashi hai guan qi@f理征著@Fli zheng zhu |
| 210 | @a北京@c国际文化出版公司@d2001 | |
| 215 | @a218页@d20cm | |
| 225 | 2 | @a作家视线丛书 |
| 410 | 0 | @12001 @a作家视线丛书 |
| 606 | 0 | @a作家视线 |
| 606 | 0 | @a劳动经济 |
| 690 | @aB821@v3 | |
| 690 | @aF245@v4 | |
| 701 | 0 | @a理征@Ali zheng@4著 |
| 801 | 0 | @aCN@bPFT@c20070725 |
| 905 | @a10447@dF245@eS1 | |
| 世海观奇/理征著.-北京:国际文化出版公司,2001 |
| 218页;20cm.-(作家视线丛书) |
| ISBN :CNY15.00 |
| ● |
| 相关链接 |
|
|
|
|
正题名:世海观奇
索取号:F245/S1
 
预约/预借
| 序号 | 登录号 | 条形码 | 馆藏地/架位号 | 状态 | 备注 |
| 1 | 1057282 | 210572824 | 密集书库-数信学院/ [索取号:F245/S1] | 在馆 |